Optimization methods in finance (Record no. 28241)

MARC details
000 -LEADER
fixed length control field 00735nam a2200229Ia 4500
008 - FIXED-LENGTH DATA ELEMENTS--GENERAL INFORMATION
fixed length control field 191130s2007##################000#0#eng##
020 ## - INTERNATIONAL STANDARD BOOK NUMBER
International Standard Book Number 9780521861700
022 ## - INTERNATIONAL STANDARD SERIAL NUMBER
International Standard Serial Number 2007295301
040 ## - CATALOGING SOURCE
Original cataloging agency ACL
Transcribing agency ACL
082 ## - DEWEY DECIMAL CLASSIFICATION NUMBER
Classification number 332.015195 COR
100 ## - MAIN ENTRY--PERSONAL NAME
Personal name Cornuejols, Gerard
245 ## - TITLE STATEMENT
Title Optimization methods in finance
Statement of responsibility, etc. Gerard Cornuejols, Reha Tütüncü
260 ## - PUBLICATION, DISTRIBUTION, ETC.
Place of publication, distribution, etc. Cambridge
Name of publisher, distributor, etc. Cambridge University Press
Date of publication, distribution, etc. 2007
300 ## - PHYSICAL DESCRIPTION
Extent xii, 345 p. : ill. ; 26 cm.
500 ## - GENERAL NOTE
General note Includes bibliographical references (p. 338-341) and index
650 ## - SUBJECT ADDED ENTRY--TOPICAL TERM
Topical term or geographic name entry element Finance - Mathematical models
Topical term or geographic name entry element Mathematical optimization
700 ## - ADDED ENTRY--PERSONAL NAME
Personal name Tütüncü, Reha
990 ## - EQUIVALENCES OR CROSS-REFERENCES [LOCAL, CANADA]
Link information for 9XX fields 14a3cab7ac10000c28e94715358e20db
991 ## -
-- 142490
Holdings
Withdrawn status Lost status Materials specified (bound volume or other part) Damaged status Not for loan Home library Current library Shelving location Date acquired Total Checkouts Full call number Barcode Date last seen Price effective from Koha item type
    hbk     Anna Centenary Library Anna Centenary Library 4TH FLOOR, A WING 09.10.2020   332.015195 COR 194811 09.10.2020 09.10.2020 English Books

Find us on the map